000 00525nam a2200181 i 4500
001 76940
003 ES-MaACL
005 20230906173028.0
007 t|
008 041006s1970 sp ||||1| spa d
100 1 _aGunther, John.
_960962
245 1 0 _aSudamérica por dentro /
_cJohn Gunther ; [versión por Oscar Luis Molina S.].
250 _a[1ª ed.].
260 _aBarcelona :
_bGrijalbo,
_c1970.
300 _a773 p. ;
_c22 cm.
700 1 _aMolina S., Óscar Luis.
_9156706
852 _aES-MaACL
_jC-38359
_bR.75871
999 _c76940
_d76940